| 000 | 00475nam a2200169 i 4500 | ||
|---|---|---|---|
| 001 | 72683 | ||
| 003 | ES-MaACL | ||
| 005 | 20230906171523.0 | ||
| 007 | t| | ||
| 008 | 040902s1970 sp ||||1| spa d | ||
| 100 | 1 |
_aGoedan, Hans. _957553 |
|
| 245 | 1 | 3 |
_aEl matrimonio en momentos de ruptura / _cHans Goedan ; traducción por Diorki. |
| 260 |
_aMdrid : _bStudium, _c[1970] |
||
| 300 |
_a106 p. ; _c18 cm. |
||
| 710 | 2 |
_aDiorki. _93392 |
|
| 852 |
_aES-MaACL _jC-51515 _bR.72518 |
||
| 999 |
_c72683 _d72683 |
||